संत कबीर और उनका दर्शन / (Record no. 112078)

MARC details
000 -LEADER
fixed length control field 01314nam a22002897a 4500
003 - CONTROL NUMBER IDENTIFIER
control field dpl
005 - DATE AND TIME OF LATEST TRANSACTION
control field 20190109153430.0
008 - FIXED-LENGTH DATA ELEMENTS--GENERAL INFORMATION
fixed length control field 190109b ||||| |||| 00| 0 eng d
010 ## - LIBRARY OF CONGRESS CONTROL NUMBER
LC control number B-103336
020 ## - INTERNATIONAL STANDARD BOOK NUMBER
Terms of availability 250.00
035 ## - SYSTEM CONTROL NUMBER
System control number B-103336, B-103340
037 ## - SOURCE OF ACQUISITION
Source of stock number/acquisition Cen Lib/Ret
040 ## - CATALOGING SOURCE
Original cataloging agency DPL
Language of cataloging HN
Transcribing agency 0
082 ## - DEWEY DECIMAL CLASSIFICATION NUMBER
Classification number 821.08
Item number ब्रह्म
100 ## - MAIN ENTRY--PERSONAL NAME
Personal name ब्रह्मचारी , रामाश्रय दास
9 (RLIN) 45777
245 ## - TITLE STATEMENT
Title संत कबीर और उनका दर्शन /
Statement of responsibility, etc रामाश्रय दास ब्रह्मचारी
246 ## - VARYING FORM OF TITLE
Title proper/short title sant Kabir or unka darshan
Remainder of title by Ramashray Dass Brahchari
260 ## - PUBLICATION, DISTRIBUTION, ETC. (IMPRINT)
Place of publication, distribution, etc नई दिल्ली
Name of publisher, distributor, etc प्रकाशन संस्थान
Date of publication, distribution, etc 2003
270 ## - ADDRESS
Address 4715/21, दयानंद मार्ग दरियागंज
City नई दिल्ली
Postal code 110002
300 ## - PHYSICAL DESCRIPTION
Extent 278पृष्ठ.
Dimensions 20सेमी (सजिल्द )
500 ## - GENERAL NOTE
General note सहायक ग्रन्थ शामिल
650 ## - SUBJECT ADDED ENTRY--TOPICAL TERM
Topical term or geographic name as entry element हिंदी साहित्य
9 (RLIN) 45778
650 ## - SUBJECT ADDED ENTRY--TOPICAL TERM
Topical term or geographic name as entry element संत काव्य -कबीर -दर्शन
9 (RLIN) 45779
650 ## - SUBJECT ADDED ENTRY--TOPICAL TERM
Topical term or geographic name as entry element Hindi literature
9 (RLIN) 45780
650 ## - SUBJECT ADDED ENTRY--TOPICAL TERM
Topical term or geographic name as entry element Saint Poetry -kbir -drshn
9 (RLIN) 45781
942 ## - ADDED ENTRY ELEMENTS (KOHA)
Source of classification or shelving scheme Dewey Decimal Classification
Koha item type Hindi Books
Classification part 821.08
Call number suffix ब्रह्म
Holdings
Withdrawn status Lost status Damaged status Not for loan Home library Current library Date acquired Source of acquisition Cost, normal purchase price Total Checkouts Full call number Barcode Checked out Date last seen Date checked out Copy number Cost, replacement price Price effective from Koha item type Source of classification or shelving scheme Collection code Total Renewals
        Central Library Central Library 06/08/2015 Cen Lib/Ret 250.00 2 821.08 ब्रह्म B-103336 10/08/2021 27/07/2021 27/07/2021 1 250.00 06/08/2015 Hindi Books      
        Shahdara Branch Shahdara Branch 09/01/2019 BPPD/PUB 250.00 3 821.08 ब्रह्म B-103340   05/07/2022 22/06/2022   250.00 09/01/2019 Hindi Books Dewey Decimal Classification Non-fiction 4

© Delhi Public Library
Hit Counter
free hit counter